Plurilingvalizmus, plurilingválna a plurikultúrna kompetencia a ich aplikácia v procese výučby

Vysvetlenie definície pojmov plurilingválna a plurikultúrna kompetencia. Analýza všeobecne zaužívaných mýtov o komunikácii, charakteristiky kompetentného komunikátora a možnosti facilitácie komunikácie v plurilingválnom prostredí podľa FREPA. Návrhy a podnety na podporu utvárania plurilingválnej a p...

Description complète

Enregistré dans:
Détails bibliographiques
Auteur principal: Mandáková, Alexandra, 1980-
Format: Chapitre de livre
Langue:slovaque
Sujets:
Tags: Ajouter un tag
Pas de tags, Soyez le premier à ajouter un tag!

MARC

LEADER 00000naa$a2200000$$$4500
001 0271488
005 20240502074256.6
041 0 |a slo 
044 |a SK 
245 1 0 |a Plurilingvalizmus, plurilingválna a plurikultúrna kompetencia a ich aplikácia v procese výučby  |c Alexandra Mandáková 
520 |a Vysvetlenie definície pojmov plurilingválna a plurikultúrna kompetencia. Analýza všeobecne zaužívaných mýtov o komunikácii, charakteristiky kompetentného komunikátora a možnosti facilitácie komunikácie v plurilingválnom prostredí podľa FREPA. Návrhy a podnety na podporu utvárania plurilingválnej a plurikultúrnej kompetencie vo vyučovacej praxi škôl vyššieho a univerzitného typu. 
610 2 0 |a jazykoveda 
610 2 0 |a jazyky cudzie 
610 2 0 |a vyučovanie 
610 2 0 |a komunikácia interkultúrna 
100 1 |a Mandáková, Alexandra, 1980-